000 00493nam a2200169Ia 4500
005 20250923150048.0
008 008 250917s9999 xx 000 0 eng d
037 _aTextual
040 _aDSWL
_beng
_cDSWL
041 _aeng
_2eng
084 _aR6xN88, N90
_qDSWL
245 0 _aRadhakrishnan Reader: An anthology
_cEd. by Rao P. Nagaraja
260 _aBombay
_bBharatya Vidhya Bhawan
_c1990
300 _a680p.
942 _cTEXL
_hR6xN88, N90
999 _c1459124
_d1459124